Cuando los animales hablaban / (Record no. 27208)
[ view plain ]
| 000 -LEADER | |
|---|---|
| fixed length control field | 00595nam a22002177a 4500 |
| 001 - CONTROL NUMBER | |
| control field | sjds |
| 003 - CONTROL NUMBER IDENTIFIER | |
| control field | sjds |
| 005 - DATE AND TIME OF LATEST TRANSACTION | |
| control field | 20250228080530.0 |
| 008 - FIXED-LENGTH DATA ELEMENTS--GENERAL INFORMATION | |
| fixed length control field | 220705b mx ||||| |||| 00| 0 spa d |
| 020 ## - INTERNATIONAL STANDARD BOOK NUMBER | |
| International Standard Book Number | 9686181091 |
| 020 ## - INTERNATIONAL STANDARD BOOK NUMBER | |
| International Standard Book Number | 9789686181098 |
| 040 ## - CATALOGING SOURCE | |
| Transcribing agency | sjds |
| 041 ## - LANGUAGE CODE | |
| Language code of text/sound track or separate title | spa |
| 100 10 - MAIN ENTRY--PERSONAL NAME | |
| Personal name | Jordana, Jose Luis |
| 245 ## - TITLE STATEMENT | |
| Title | Cuando los animales hablaban / |
| Statement of responsibility, etc. | Jose Luis Jordana ; [ilustraciones Margarita Puncel]. |
| 260 ## - PUBLICATION, DISTRIBUTION, ETC. (IMPRINT) | |
| Place of publication, distribution, etc. | Mexico : |
| Name of publisher, distributor, etc. | Gondomar, D.L. |
| Date of publication, distribution, etc. | 1987. |
| 300 ## - PHYSICAL DESCRIPTION | |
| Extent | 109 p. : |
| Other physical details | il. col. ; |
| Dimensions | 25 cm. |
| 440 ## - SERIES STATEMENT/ADDED ENTRY--TITLE | |
| Title | Mitos y leyendas, |
| Number of part/section of a work | 7 |
| 700 ## - ADDED ENTRY--PERSONAL NAME | |
| Personal name | Puncel, Margarita |
| 942 ## - ADDED ENTRY ELEMENTS (KOHA) | |
| Koha item type | Libro/Book |
| Withdrawn status | Lost status | Damaged status | Not for loan | Home library | Current library | Shelving location | Date acquired | Inventory number | Total Checkouts | Full call number | Barcode | Checked out | Date last seen | Date checked out | Price effective from | Koha item type | Total Renewals |
|---|---|---|---|---|---|---|---|---|---|---|---|---|---|---|---|---|---|
| San Juan Del Sur -- Mobile | El Baston | 05/07/2022 | 2 | JC | 33016441 | 09/04/2024 | 07/03/2024 | 05/07/2022 | Libro/Book | ||||||||
| San Juan Del Sur -- Mobile | Miravalle | 25/12/2022 | 2 | JC | 33016936 | 03/07/2024 | 29/05/2024 | 29/05/2024 | 25/12/2022 | Libro/Book | |||||||
| San Juan Del Sur -- Biblioteca | San Juan Del Sur -- Biblioteca | Children's Area | 05/07/2022 | Checked out from 2023 - Jan 2025 | 1 | JC | 30028892 | 11/04/2023 | 07/03/2023 | 07/03/2023 | 05/07/2022 | Libro/Book | |||||
| San Juan Del Sur -- Mobile | San Juan Del Sur -- Biblioteca | 21/12/2022 | 2 | JFI | 33016968 | 27/08/2024 | 06/08/2024 | 21/12/2022 | Libro/Book | ||||||||
| San Juan Del Sur -- Biblioteca | San Juan Del Sur -- Biblioteca | General Stacks | 28/02/2025 | Inventory date: 15-5-25 | 2 | JF | 30026925 | 12/03/2026 | 11/02/2026 | 28/02/2025 | Libro/Book | ||||||
| San Juan Del Sur -- Mobile | San Juan Del Sur -- Mobile | 05/07/2022 | Inventory date: 27-2-25 | 5 | JF | 33016442 | 06/11/2024 | 02/10/2024 | 05/07/2022 | Libro/Book | |||||||
| San Juan Del Sur -- Mobile | San Juan Del Sur -- Mobile | 05/07/2022 | Inventory date: 27-2-25 | 4 | JF | 33016443 | 06/11/2024 | 31/10/2024 | 05/07/2022 | Libro/Book | |||||||
| San Juan Del Sur -- Mobile | San Juan Del Sur -- Mobile | 01/02/2025 | Inventory date: 1-2-25 | JFI | 30029657 | 01/02/2025 | 01/02/2025 | Libro/Book | |||||||||
| San Juan Del Sur -- Mobile | San antonio del baston | 04/03/2024 | 2 | 33016123 | 23/05/2024 | 09/04/2024 | 04/03/2024 | Libro/Book | |||||||||
| San Juan Del Sur -- Mobile | Sapoa | 21/12/2022 | 4 | JFI | 33016930 | 05/12/2024 | 31/10/2024 | 31/10/2024 | 21/12/2022 | Libro/Book | 1 | ||||||
| San Juan Del Sur -- Mobile | Sapoa | 21/12/2022 | 5 | JFI | 33016924 | 05/12/2024 | 31/10/2024 | 31/10/2024 | 21/12/2022 | Libro/Book | |||||||
| Sevadilla -- Satellite | Sevadilla | 05/07/2022 | Inventory date: 7/7/25 | 1 | JC | 35402028 | 22/04/2026 | 18/03/2026 | 18/03/2026 | 05/07/2022 | Libro/Book | ||||||
| San Juan Del Sur -- Mobile | Tortuga | 10/02/2025 | Inventory date: 15-5-25 | 1 | JFI | 30029660 | 15/04/2026 | 11/03/2026 | 11/03/2026 | 10/02/2025 | Libro/Book |